000 00527nam a22001937a 4500
003 NUST - PNEC
005 20170116180812.0
008 150506b xxu||||| |||| 00| 0 eng d
020 _a0003274202
040 _cLIBRARY
082 _a330 AND
100 _93465
_aAnderton, Alain
245 _aEconomics for GCSE
_cAlain Anderton
250 _a2nd ed
260 _aScotland
_bCollins Educational
_cc1986.
300 _a221 p. :
650 _93466
_aEconomics--Study and teaching (Secondary)
_xGeneral, MIS
942 _2ddc
_cBK
999 _c63415
_d63415